000
00240nam a2200097Ia 4500
001
1115463
005
20250827004027.0
008
250824s9999 xx 000 0 und d
245
0
_a
ESİR ŞEHRİN İNSANLARI
_c
KEMAL TAHİR
260
_b
KETEBE
999
_c
1115463
_d
1115463